| 000 | 01177nam a22003970a 4500 | ||
|---|---|---|---|
| 001 | PT51762 | ||
| 003 | AR-LpoUNG | ||
| 005 | 20260305095647.0 | ||
| 008 | 201001s2013||||ag |||||||||||||||||spa d | ||
| 020 |
_a9789876301688 _c$1,80 |
||
| 040 |
_aAR-LpoUNG _bspa _eaacr |
||
| 041 | 0 | _aspa | |
| 044 | _aag | ||
| 082 | 0 | _a334.01 787otr | |
| 100 | 1 |
_aCoraggio, José Luis _93 |
|
| 245 | 1 | 0 |
_aOtra economía, otra política : _buna obstinación latinoamericana |
| 250 | _a1ra. ed. | ||
| 260 |
_aBuenos Aires : _bUniversidad Nacional de General Sarmiento, _c2013. |
||
| 300 |
_a126 p. : _bgráfs. |
||
| 490 | 0 | _aTextos institucionales - Profesores extraordinarios | |
| 650 | 4 | _aAMERICA LATINA | |
| 650 | 4 | _aCONOCIMIENTO | |
| 650 | 4 | _aDOCENTES | |
| 650 | 4 | _aECONOMIA | |
| 650 | 4 | _aENSEÑANZA | |
| 650 | 4 | _aENSEÑANZA SUPERIOR | |
| 650 | 4 | _aPENSAMIENTO ECONOMICO | |
| 650 | 4 | _aUNIVERSIDADES | |
| 653 | 0 | _aECONOMIA SOCIAL | |
| 653 | 0 | _aECONOMIA SOLIDARIA | |
| 700 | 1 |
_aHintze, Susana _epról. _98 |
|
| 700 | 1 |
_aRinesi, Eduardo _epról. _95 |
|
| 856 | 4 | 0 |
_uhttps://repositorio.ungs.edu.ar/handle/UNGS/817 _yTexto completo |
| 905 | _a51762 | ||
| 942 |
_cLIB _2ddc |
||
| 999 |
_c51231 _d51231 |
||